En que creen los que no creen : un diálogo sobre la ética en el fin del milenio /
Guardado en:
| Autor Principal: | |
|---|---|
| Otros Autores: | , |
| Formato: | Libro |
| Publicado: |
Planeta :
Temas de Hoy
|
| Materias: | |
| Etiquetas: |
Agregar Etiqueta
Sin Etiquetas, Sea el primero en etiquetar este registro!
|
| LEADER | 00645nam a22001935a 4500 | ||
|---|---|---|---|
| 001 | CEM.cems011035 | ||
| 005 | 20071206161922.0 | ||
| 008 | 130507b######################000#0#####d | ||
| 003 | CEMS | ||
| 020 | |a 9507300392 | ||
| 082 | 0 | 4 | |a 170 |
| 100 | 1 | |a Eco, Umberto | |
| 245 | 1 | 0 | |a En que creen los que no creen : |b un diálogo sobre la ética en el fin del milenio / |c Umberto Eco, Carlo Maria Martini ; traducido Por Carlos Gumpert Melgosa |
| 260 | |a Planeta : |b Temas de Hoy | ||
| 300 | |a 166 p. | ||
| 653 | |a Etica | ||
| 700 | 1 | |a Martini, Carlo Maria | |
| 700 | 1 | |a Gumpert Melgosa, Carlos, trad. | |
| 859 | |a CEMS |b BIB. CEMS - 11 de abril |h 170 |i Ec71 |p 21828.02 |t Ej.1 | ||
